largest us states - Statistics

General Stats
  • This quiz has been taken 16 times
  • The average score is 7 of 9
Answer Stats
Hint Answer % Correct
hot there Arizona
100%
starts with t texas
100%
starts with a alaska
93%
ends with tana montana
93%
it has avocados new mexico
93%
its hot there california
87%
starts with n nevada
87%
it starts with w wyoming
87%
there college football team name is ducks orgeon
0%
No matching quizzes found
Score Distribution
Percent of People with Each Score
Percentile by Number Answered
Your Score History
You have not taken this quiz